The nuts and bolts of church growth / (Record no. 3248)

MARC details
000 -LEADER
fixed length control field 00662nam a2200229 a 4500
001 - CONTROL NUMBER
control field 3262471
003 - CONTROL NUMBER IDENTIFIER
control field GBCCL
005 - DATE AND TIME OF LATEST TRANSACTION
control field 20241126110450.0
008 - FIXED-LENGTH DATA ELEMENTS--GENERAL INFORMATION
fixed length control field 820609s1982 tnua 000 0 eng
010 ## -
-- 81068926
020 ## - INTERNATIONAL STANDARD BOOK NUMBER
International Standard Book Number 080542542X (pbk.)
040 ## - CATALOGING SOURCE
Original cataloging agency DLC
Transcribing agency DLC
Modifying agency DLC
050 00 -
-- BV652.25
-- .P68 1982
082 00 - DEWEY DECIMAL CLASSIFICATION NUMBER
Classification number 254.5
Edition information 19
Item number POW
100 1# - MAIN ENTRY--PERSONAL NAME
Personal name Powell, Paul W.
9 (RLIN) 212
245 14 - TITLE STATEMENT
Title The nuts and bolts of church growth /
Statement of responsibility, etc. Paul W. Powell.
260 ## - PUBLICATION, DISTRIBUTION, ETC.
Place of publication, distribution, etc. Nashville, Tenn. :
Name of publisher, distributor, etc. Broadman Press,
Date of publication, distribution, etc. c1982.
300 ## - PHYSICAL DESCRIPTION
Extent 144 p. :
Other physical details ill. ;
Dimensions 20 cm.
650 #0 - SUBJECT ADDED ENTRY--TOPICAL TERM
Topical term or geographic name entry element Church growth.
9 (RLIN) 291
906 ## - LOCAL DATA ELEMENT F, LDF (RLIN)
a 7
b cbc
c orignew
d 3
e opcn
f 19
g y-gencatlg
942 ## - ADDED ENTRY ELEMENTS (KOHA)
Source of classification or shelving scheme Dewey Decimal Classification
Koha item type Books
Koha issues (borrowed), all copies 8
Holdings
Withdrawn status Lost status Source of classification or shelving scheme Damaged status Not for loan Home library Current Library Shelving location Date acquired Total checkouts Total renewals Full call number Barcode Date last seen Date last checked out Copy number Price effective from Koha item type
    Dewey Decimal Classification     GRACE BIBLE COLLEGE GRACE BIBLE COLLEGE Ministry & Mission 2017-11-22 8 1 254.5 POW 006537 2025-05-01 2024-02-17 c.1 2017-11-22 Books
© Grace Bible College Library 2025